000 00787cab a2200253 4500
001 ABS59002
008 090401t1998 xxu||||| |||| 00| 0 eng d
035 _a(Sirsi) u87364
041 _aeng
100 _aGlackin, M
245 _aCheap chills
260 _c1998
350 _a0
490 _aBuilding
_v263(8045) 26 June 1998, 64-66(3)
520 _aDiscusses the low-maintenance, passive ventilation system installed at the Royal Holloway College aimed at both environment-friendliness and cost consciousness.
650 _aCOOLING SYSTEMS
650 _aENVIRONMENTALLY FRIENDLY
650 _aHOLLOW-CORE FLOOR SLAB
650 _aLOW-MAINTENANCE
650 _aPASSIVE VENTILATION
690 _aBUILDING AND CONSTRUCTION-PROJECTS
942 _n0
948 _c13/07/1998
999 _c55097
_d55097